000 00314nam a22001217a 4500
082 _a297.2
100 _aNuzhat Mufti
245 _aAsr e hazir k Taqazay aur kaleed fozul Bashar
_cMufti, Nuzhat
260 _aNoshera:
_bTaj Publisher,
_c2025.
300 _a824 p.
_c22cm
563 _aHB.
942 _2ddc
_cBK
999 _c614968
_d614968